Famous Guys Named Guy - Statistics

General Stats
  • This quiz has been taken 391 times
    173 since last reset
  • The average score is 3 of 9
Answer Stats
Life Hint Person % Correct
1570–1606 Gunpowder Plot Guy {Fawkes}
90%
1968– Director of Snatch and Sherlock Holmes Guy {Ritchie}
66%
1968– Host of Diners, Drive-Ins and Dives Guy {Fieri}
42%
1967– Actor in Memento and L.A. Confidential Guy {Pearce}
42%
1936– Chicago blues guitarist and singer {Buddy} Guy
37%
1963– Blue Collar Comedy Tour comedian {Larry} the {Cable} Guy
32%
Fictional America's favorite game show host on Sesame Street Guy {Smiley}
14%
1922–2016 Director of four Bond films, including Goldfinger Guy {Hamilton}
9%
Fictional Protagonist of the Monkey Island games Guybrush {Threep}wood
8%
No matching quizzes found
Score Distribution
Percent of People with Each Score
Percentile by Number Answered
Your Score History
You have not taken this quiz since the last reset